Loading...
| Fine Arts - Other Fine Arts | 1 | 3 | 0 | 0 | 45 | 61 | 101.75 | 3 | 4 |
| Science - Other Science | 0 | 2 | 0 | 2 | 20 | 118 | 128.50 | 0 | 2 |
| Literature - American Literature | 0 | 1 | 0 | 1 | 10 | 142 | 142.00 | 0 | 1 |
| Literature - European Literature | 0 | 1 | 0 | 1 | 10 | 133 | 133.00 | 0 | 1 |
| Mythology | 0 | 1 | 0 | 1 | 10 | 126 | 126.00 | 0 | 1 |
| Philosophy | 0 | 1 | 0 | 0 | 10 | 103 | 103.00 | 1 | 1 |
| Social Science | 0 | 1 | 0 | 1 | 10 | 118 | 118.00 | 0 | 1 |
| History - Other History | 0 | 1 | 0 | 0 | 10 | 93 | 93.00 | 1 | 1 |
| Religion- Edited | 0 | 1 | 0 | 0 | 10 | 111 | 111.00 | 1 | 1 |
| Science - Physics | 0 | 1 | 1 | 0 | 5 | 72 | 72.00 | 0 | 1 |
| Pop Culture | 0 | 0 | 1 | 0 | -5 | 0.00 | 0 | 0 | |
| Science - Chemistry | 0 | 0 | 1 | 0 | -5 | 0.00 | 0 | 0 | |
| Popular Culture | 0 | 0 | 1 | 0 | -5 | 0.00 | 0 | 0 | |
| Religion | 0 | 0 | 1 | 0 | -5 | 0.00 | 0 | 0 |